|
|
|
|
| LEADER |
00650 a2200169 4500 |
| 008 |
190716b ||||| |||| 00| 0 eng d |
| 999 |
|
|
|c 336281
|d 336281
|
| 020 |
|
|
|a 9789388162036
|
| 082 |
|
|
|a 307.7720954 MAD/E
|
| 100 |
|
|
|a Madhu Kumari
|
| 245 |
|
|
|a Empowerment of tribal people in India :
|b problems and potential /
|c Madhu Kumari
|
| 260 |
|
|
|b Innovative Imprint,
|c 2018
|a New Delhi :
|
| 300 |
|
|
|a viii, 232p. ;
|c 24cm.
|
| 650 |
|
|
|a Tribal Community
|
| 650 |
|
|
|a Empowerment
|
| 942 |
|
|
|2 ddc
|c BK
|
| 952 |
|
|
|0 0
|1 0
|2 ddc
|4 0
|6 307_772095400000000_MAD_E
|7 0
|9 385485
|a UL
|b UL
|c ST1
|d 2019-06-25
|e 176
|g 1079.28
|l 1
|o 307.7720954 MAD/E
|p 99917
|r 2020-12-30
|s 2020-12-28
|v 1499.00
|y BK
|